Every Sekiro Boss and Miniboss - Statistics

General Stats
  • This quiz has been taken 18 times
  • The average score is 34 of 54
Answer Stats
Hint Answer % Correct
Ashina Reservoir (night) Genichiro, Way of Tomoe/ Isshin, the Sword Saint
100%
Ashina Castle (dusk) Great Shinobi Owl
100%
Ashina Outskirts Headless
100%
Sunken Valley Headless
100%
Ashina Depths Headless
100%
Ashina Castle (dusk) Headless
100%
Fountainhead Palace Headless
100%
Inner Boss Inner Owl
100%
Hirata Estate (Owl's Memory) Owl, Father
100%
Ashina Depths Corrupted Monk
94%
Fountainhead Palace Corrupted Monk
94%
Ashina Castle (dusk, Shura ending) Emma the Gentle Blade/ Isshin Ashina
94%
Ashina Reservoir Genichiro Ashina
94%
Ashina Castle (day) Genichiro Ashina
94%
Inner Boss Inner Genichiro
94%
Inner Boss Inner Isshin
94%
Hirata Estate (Wolf's Memory) Lady Butterfly
94%
Fountainhead Palace Divine Dragon
88%
Sunken Valley Guardian Ape
88%
Ashina Outskirts (night) Demon of Hatred
81%
Senpou Temple, Mt Kongo Folding Screen Monkeys
81%
Ashina Outskirts Gyoubu Oniwa
75%
Ashina Outskirts Chained Ogre
69%
Ashina Outskirts (night) Shigekichi of the Red Guard
69%
Ashina Castle (day) Blazing Bull
63%
Ashina Depths Headless Ape
63%
Ashina Reservoir (night) Seven Ashina Spears- Shume Masaji Oniwa
63%
Ashina Depths Snake Eyes Shirahagi
63%
Hirata Estate ( Owl's Memory) Juzou the Drunkard
56%
Sunken Valley Long-arm Centipede Giraffe
56%
Abandoned Dungeon Shichimen Warrior
56%
Ashina Depths Shichimen Warrior
56%
Fountainhead Palace Shichimen Warrior
56%
Sunken Valley Snake Eyes Shirafuji
56%
Senpou Temple, Mt Kongo Armored Warrior
50%
Hirata Estate (Wolf's Memory) Juzou the Drunkard
50%
Senpou Temple, Mt Kongo Long-arm Centipede Sen'un
50%
Ashina Depths Mist Noble
50%
Ashina Depths O'rin of the Water
44%
Ashina Reservoir Seven Ashina Spears - Shikibu Toshikatsu Yamauchi
44%
Ashina Castle (day) Ashina Elite- Jinsuke Saze
38%
Ashina Outskirts General Tenzen Yamauchi
25%
Ashina Reservoir Leader Shigenori Yamauchi
25%
Ashina Reservoir Lone Shadow Longswordsman
25%
Fountainhead Palace Okami Leader Shizu
25%
Fountainhead Palace Sakura Bull of the Palace
25%
Hirata Estate (Wolf's Memory) Shinobi Hunter Enshin of Misen
25%
Ashina Castle (dusk) Lone Shadow Masanaga the Spear Bearer
19%
Hirata Estate (Owl's Memory) Lone Shadow Masanaga the Spear Bearer
19%
Ashina Castle (dusk) Lone Shadow Vilehand
19%
Ashina Depths Tokujiro the Glutton
19%
Ashina Castle (night) Ashina Elite- Ujinari Mizuo
13%
Ashina Castle (day) General Kuranosuke Matsomoto
13%
Ashina Outskirts General Naomori Kawarada
13%
No matching quizzes found
Score Distribution
Percent of People with Each Score
Percentile by Number Answered
Your Score History
You have not taken this quiz